فتح الباري بشرح صحيحي البخاري ;; Fatḥ al-bārī sharḥ Ṣaḥīḥ al-Bukhārī / (Record no. 78078)
[ view plain ]
| 000 -LEADER | |
|---|---|
| fixed length control field | 01434cam a2200301 a 4500 |
| 001 - CONTROL NUMBER | |
| control field | 78078 |
| 003 - CONTROL NUMBER IDENTIFIER | |
| rucl marc code | BD-RjUL |
| 005 - DATE AND TIME OF LATEST TRANSACTION | |
| control field | 20211209083103.0 |
| 008 - FIXED-LENGTH DATA ELEMENTS--GENERAL INFORMATION | |
| fixed length control field | 210315s1959 ua b 001 0 ara d |
| 035 ## - SYSTEM CONTROL NUMBER | |
| System control number | (BD-RjUL)78304 |
| 040 ## - CATALOGING SOURCE | |
| Original cataloging agency | UaCaAUL |
| Modifying agency | UaCaAUL |
| Language of cataloging | eng |
| Transcribing agency | BD-RjUL |
| 041 ## - LANGUAGE CODE | |
| Language code of text/sound track or separate title | ara |
| 066 ## - CHARACTER SETS PRESENT | |
| Alternate G0 or G1 character set | (3 |
| 082 ## - DEWEY DECIMAL CLASSIFICATION NUMBER | |
| Edition number | 23 |
| Classification number | 297.125 |
| Author mark and year | ASF 1959 |
| 100 1# - MAIN ENTRY--PERSONAL NAME | |
| Personal name | عسقلاني, شهاب الدين ابي الفضل ;; Ashqalani, Shihabuddin Abi Al-Fadl |
| Dates associated with a name | 1372-1449. |
| 9 (RLIN) | 246076 |
| 245 10 - TITLE STATEMENT | |
| Title | فتح الباري بشرح صحيحي البخاري ;; Fatḥ al-bārī sharḥ Ṣaḥīḥ al-Bukhārī / |
| Statement of responsibility, etc. | شهاب الدين ابي الفضل العسقلاني. ;; shihab al din abi al fazl Asqalānī. |
| 260 ## - PUBLICATION, DISTRIBUTION, ETC. (IMPRINT) | |
| Place of publication, distribution, etc. | Misr : |
| Name of publisher, distributor, etc. | Dār al-Salām, |
| Date of publication, distribution, etc. | 1959 |
| 300 ## - PHYSICAL DESCRIPTION | |
| Pagination | v. ; |
| Size | 25 cm. |
| 500 ## - GENERAL NOTE | |
| General note | Vol. [0] has title: Hady al-sārī : muqaddimat Fatḥ al-bārī sharḥ Ṣaḥīḥ al-Bukhārī ; Vol. [14] has title: Fahāris Fatḥ al-bārī sharḥ Ṣaḥīḥ al-Bukhārī. |
| 505 ## - FORMATTED CONTENTS NOTE | |
| Formatted contents note | Vol. 11..-- |
| 600 10 - SUBJECT ADDED ENTRY--PERSONAL NAME | |
| Personal name | Bukhārī, Muḥammad ibn Ismāʿīl, |
| Dates associated with a name | 810-870. |
| Title of a work | Jāmiʿ al-ṣaḥīḥ. |
| 650 #0 - SUBJECT ADDED ENTRY--TOPICAL TERM | |
| Topical term or geographic name as entry element | Hadith |
| General subdivision | Commentaries. |
| 9 (RLIN) | 246078 |
| 700 1# - ADDED ENTRY--PERSONAL NAME | |
| Personal name | Bukhārī, Muḥammad ibn Ismāʿīl, |
| Dates associated with a name | 810-870. |
| Personal name | Ibn Bāz, ʿAbd al-ʿAzīz ibn ʿAbd Allāh, |
| Dates associated with a name | 1910-1999. |
| Personal name | Shabk, ʿAlī ibn ʿAbd al-ʿAzīz. |
| Personal name | ʿAbd al-Bāqī, Muḥammad Fuʼād. |
| 942 ## - ADDED ENTRY ELEMENTS (KOHA) | |
| Source of classification or shelving scheme | Dewey Decimal Classification |
| Koha item type | Books |
| Lost status | Source of classification or shelving scheme | Damaged status | Not for loan | Collection code | Permanent Location | Current Location | Shelving location | Date acquired | Total Checkouts | Full call number | Date last seen | Copy number | Koha item type | Source of acquisition |
|---|---|---|---|---|---|---|---|---|---|---|---|---|---|---|
| Dewey Decimal Classification | Not For Loan | Non-fiction | Central Library, University of Rajshahi | Central Library, University of Rajshahi | Reading Room | 15/03/2021 | A 297.12541 ASF V-11 1959 | 15/03/2021 | C-1 | Books | ||||
| Dewey Decimal Classification | Not For Loan | Non-fiction | Central Library, University of Rajshahi | Central Library, University of Rajshahi | Reading Room | 28/12/2021 | A 297.12541 ASF V-1-3 1959 | 28/12/2021 | C-1 | Books | ||||
| Dewey Decimal Classification | Not For Loan | Non-fiction | Central Library, University of Rajshahi | Central Library, University of Rajshahi | Reading Room | 28/12/2021 | A 297.12541 ASF V-5-6 1959 | 28/12/2021 | C-1 | Books | ||||
| Dewey Decimal Classification | Not For Loan | Non-fiction | Central Library, University of Rajshahi | Central Library, University of Rajshahi | Reading Room | 16/04/1964 | A 297.12541 ASF V-13-14 1959 | 19/04/2022 | C-1 | Books | Urdu Library, Rajshahi | |||
| Dewey Decimal Classification | Not For Loan | Non-fiction | Central Library, University of Rajshahi | Central Library, University of Rajshahi | Reading Room | 02/11/2022 | A 297.125 ASF V-9 1959 | 02/11/2022 | C-1 | Books | ||||
| Dewey Decimal Classification | Not For Loan | Non-fiction | Central Library, University of Rajshahi | Central Library, University of Rajshahi | Reading Room | 02/11/2022 | A 297.125 ASF V-71959 | 02/11/2022 | C-1 | Books | ||||
| Dewey Decimal Classification | Not For Loan | Non-fiction | Central Library, University of Rajshahi | Central Library, University of Rajshahi | Reading Room | 21/03/1964 | A 297.125 ASF V-15 1959 | 02/11/2022 | C-1 | Books | Urdu Library, Rajshahi | |||
| Dewey Decimal Classification | Non-fiction | Central Library, University of Rajshahi | Central Library, University of Rajshahi | General Stacks | 03/12/2024 | A 297.125 ASF V-9 1959 | 03/12/2024 | C-2 | Books | A.K.M. Husain Basudeve pur ,Rajshahi |